Las mejores poesías románticas españolas

Saved in:
Bibliographic Details
Format: Book
Language:Spanish
Published: Barcelona Bruguera 1955
Series:Colección Laurel, 43
Subjects:
Tags: Add Tag
No Tags, Be the first to tag this record!

MARC

LEADER 00000nam a2200000 a 4500
001 UCX6258
003 CL-VaPUC
008 930506e19550000SP |||||||||||||||||spa|d
082 0 4 |a 861  |b MEJ  |2 21 
245 1 4 |a Las mejores poesías románticas españolas 
300 |a 120 p 
942 |c BK 
945 |d 19930506 00:00:00 
260 |a Barcelona  |b Bruguera  |c 1955 
650 0 |a Poesías españolas  |9 265100 
583 |a last modification  |c 19930506 00:00:00  |k Rodrigo Vera 
490 0 |a Colección Laurel, 43 
999 |c 226311  |d 226309 
952 |0 0  |1 0  |4 0  |6 861_000000000000000_MEJ_1955  |7 0  |8 A  |9 224575  |a BIBEDU  |b BIBEDU  |d 2019-11-15  |i 2933209  |o 861 MEJ 1955  |p 2933209  |r 2019-11-15  |w 2019-11-15  |y BK  |k LIT